| 000 | 00482nam a2200181Ia 4500 | ||
|---|---|---|---|
| 005 | 20250508152440.0 | ||
| 008 | 008 250505s9999 xx 000 0 eng d | ||
| 037 | _aTextual | ||
| 040 |
_aFEDL _beng _cFEDL |
||
| 041 |
_aeng _2eng |
||
| 084 |
_a911, BRO _qFEDL |
||
| 100 |
_aBrooks C E P _994355 |
||
| 245 | 0 | _aClimate in everyday life | |
| 260 |
_aLondon, UK _bErnest Benn Limited _c1950 |
||
| 300 | _a314p | ||
| 942 |
_cTEXL _h911, BRO |
||
| 999 |
_c1336490 _d1336490 |
||